000 01202nam a2200289Ia 4500
003 OSt
005 20221005110403.0
006 a|||||r|||| 00| 0
007 ta
008 221004b |||||||| |||| 00| 0 hin d
020 _a9789383233311 (hbk)
_c270
024 _a25614
037 _b367, 08/03/2016, Eastern Book Linkers
_cTextual
040 _aCRL
_cCRL
_bhin
041 _2hin
_ahin
082 _aO152,3NKHx, Q4
100 _aखान, आलमशाह
245 0 _aदस प्रतिनिधि कहानियॉं
_b आलमशाह खान
246 _aDas pratinidhi kahāniyaॉan: ālamashāh khāna
260 _aनई दिल्ली
_bकिताबघर प्रकाशन भारत
_c2014
300 _a150पृ0
_ccm.
490 _aदस प्रतिनिधि कहानियॉं
650 _aहिन्दी साहित्य
700 _a पंड्या, हिमांशु, संपा.
942 _hO152,3NKHx, Q4
_cTEXL
_2cc
999 _c1018663
_d1018663